| 000 | 00566nam a22002052 4500 | ||
|---|---|---|---|
| 001 | 0000020099 | ||
| 005 | 20151217152207.0 | ||
| 008 | 110701s xx 000 0 eng d | ||
| 020 | _a0892784008 : | ||
| 040 |
_aKABU _cKABU |
||
| 100 | 1 |
_aRawn, J. David. _@0000180169 |
|
| 245 | 1 | 0 |
_aBiochemistry / _cJ. David Rawn. |
| 250 | _a1st ed. | ||
| 260 |
_aBurlington, NC : _bNeil Patterson, _c1989. |
||
| 300 | _a1105 p. | ||
| 650 | 0 |
_aBiochemistry. _@0000154236 |
|
| 852 | 1 | _9p500 KES | |
| 908 | _a110701 | ||
| 950 | _@1 | ||
| 999 |
_c9181 _d9181 |
||